All WCA Events Records - Statistics

General Stats
  • This quiz has been taken 9 times
    5 since last reset
  • The average score is 21 of 36
Answer Stats
Cube Type Cuber Time % Correct
4x4x4 Single Max Park 15.71
100%
4x4x4 Average Max Park 18.74
100%
6x6x6 Single Max Park 57.69
100%
6x6x6 Average Max Park 1:05.04
100%
7x7x7 Single Max Park 1:33.48
100%
7x7x7 Average Max Park 1:36.86
100%
3x3x3 Single Xuanyi Geng 3.05
80%
3x3x3 Average Yiheng Wang 3.90
80%
2x2x2 Average Yiheng Wang 0.88
80%
3x3x3 Multi-Blind Single Graham Siggins 63/65 — 58:23
60%
3x3x3 Fewest Moves Jacob Sherwen Brown
60%
Square-1 Single Ryan Pilat 3.41
60%
4x4x4 Blindfolded Single Stanley Chapel 51.96
60%
4x4x4 Blindfolded Average Stanley Chapel 59.39
60%
5x5x5 Blindfolded Single Stanley Chapel 2:02.28
60%
5x5x5 Blindfolded Average Stanley Chapel 2:27.63
60%
3x3x3 Blindfolded Single Tommy Cherry 12.00
60%
3x3x3 Blindfolded Average Tommy Cherry 14.05
60%
5x5x5 Single Tymon Kolasiński 30.45
60%
5x5x5 Average Tymon Kolasiński 34.31
60%
3x3x3 Fewest Moves Aedan Bryant
40%
Skewb Single Carter Kucala 0.75
40%
3x3x3 One-Handed Single Dhruva Sai Meruva 5.66
40%
Skewb Average Ignacy Samselski 1.37
40%
Clock Single Lachlan Gibson 1.53
40%
Clock Average Lachlan Gibson 2.26
40%
3x3x3 Fewest Moves Levi Gibson
40%
3x3x3 One-Handed Average Luke Garrett 7.72
40%
3x3x3 Fewest Moves Average Radomił Baran 19.67
40%
Square-1 Average Sameer Aggarwal 4.63
40%
Pyraminx Average Sebastian Lee 1.15
40%
3x3x3 Fewest Moves Single Sebastiano Tronto 16
40%
Pyraminx Single Simon Kellum 0.73
40%
Megaminx Single Timofei Tarasenko 22.05
40%
Megaminx Average Ziyu Wu 24.76
40%
2x2x2 Single Ziyu Ye 0.39
40%
No matching quizzes found
Score Distribution
Percent of People with Each Score
Percentile by Number Answered
Your Score History
You have not taken this quiz since the last reset